000 002530000a22000970004500
100 1 _aCernuda, Antonio Vicent
245 1 0 _aíPro Barrabás, contra Jesús!
300 _avol. 59, núm 1 (2001), Páginas 29-46
773 0 _tEstudios Bíblicos
942 _cANA
999 _c50251
_d50251